Perspectiva i projecció escèniques : manual pràctic / Josep Mallofré Noya manual pràctic / Josep Mallofré Noya
ISBN:
978-84-9803-270-3
Descripción Física:
298 p. : il. ; 30 cm
Colección:
Materials pedagògics. Quaderns ; 2
MARC
| LEADER | 00000nam a2200000Ia 4500 | ||
|---|---|---|---|
| 001 | 20589 | ||
| 008 | 160829s2008 xx 000 0 cat d | ||
| 020 | |a 978-84-9803-270-3 | ||
| 080 | |a B-2-153 | ||
| 100 | |a Mallofré Noya, Josep |9 38506 | ||
| 245 | |a Perspectiva i projecció escèniques : |b manual pràctic / Josep Mallofré Noya | ||
| 260 | |a Barcelona : |b Diputació de Barcelona. Institut del Teatre, |c 2008 | ||
| 300 | |a 298 p. : |b il. ; |c 30 cm | ||
| 490 | |a Materials pedagògics. Quaderns ; 2 | ||
| 590 | |a Enquadernat amb anelles. | ||
| 590 | |a Inclou exercicis | ||
| 650 | |a Perspectiva |x Problemes, exercicis, etc. |9 38507 | ||
| 650 | |a Teatres |x Escenografia i decorats |9 38508 | ||
| 710 | 1 | |a Institut del Teatre (Barcelona, Catalunya) |9 52662 | |
| 710 | 1 | |a Barcelona (Catalunya : Província). |b Diputació |9 52408 | |
| 901 | |a Arxiu | ||
| 942 | |n 1 | ||
| 952 | |0 0 |1 0 |4 0 |6 B2153 |7 1 |9 48448 |a Arxiu |b Arxiu |d 2016-12-01 |l 0 |o B-2-153 |p 20589 |r 2016-12-01 00:00:00 |w 2016-12-01 |y ARXIU | ||
| 999 | |c 52277 |d 52277 | ||